Statistics for Most Populous Counties in Indiana

Click here to take the quiz!

General Stats

  • This quiz has been taken 17 times
  • The average score is 9 of 15

Answer Stats

PopulationCounty% Correct
387,739{Allen} County
88%
487,599{Lake} County
88%
976,346{Marion} County
88%
353,411{Hamilton} County
75%
172,191{Porter} County
75%
207,789{Elkhart} County
63%
129,561{Madison} County
63%
273,534{St. Joseph} County
63%
199,562{Tippecanoe} County
56%
182,113{Vanderburgh} County
56%
120,346{Clark} County
50%
150,833{Monroe} County
50%
113,811{Delaware} County
44%
177,117{Hendricks} County
44%
162,315{Johnson} County
38%

Score Distribution

Percentile by Number Answered

Percent of People with Each Score

Your Score History

You have not taken this quiz